000 00419nam a2200157Ia 4500
008 160316s2000 xxu||||| |||| 00| 0 eng d
082 _a344.013000
_bRWG
100 _a
245 _aImproving action oriented research on the worst forms of child labour
250 _a
260 _aBangkok
_bRWG-CL
_c2000
300 _a187
_b
_c
365 _b
650 _a1. child labour 2. research methodologies
700 _a
_a
999 _c33600
_d33600